000 00385nam a2200157Ia 4500
008 210210b1969 xxu||||| |||| 00| 0 eng d
020 _a08 013870 5
082 _a954.9 KURN
100 _aKUREISHI (Rafiushan).
245 _aNation of Pakistan. Ed 1.
250 _a
260 _aOxford.
_bPergamon Press.,
_c1969
300 _aviii,109
690 _aAsian History
906 _a028962
999 _c80191
_d80191